000 00447nam a2200169Ia 4500
008 230917s9999||||xx |||||||||||||| ||und||
020 _cRS295
040 _e256392
_aMAIN
041 _aEnglish
082 _a361.6 S64P
100 _aSinha, Manoj, ed.
245 0 _aPrashasan evam lokneeti
260 _aNew Delhi
_bOrient Blackswan
_c2016
300 _axix, 304 p.
500 _a3512 17/07/2019 HBD19/7920 06/08/2019 Main Budget
942 _cBK
999 _c31757
_d31757